81 món ăn chay
Nội dung cuốn sách giới thiệu nguyên vật liệu, công thức chế biến, gia vị của 81 món chay bổ dưỡng cho sức khoẻ.
Đã lưu trong:
| 主要作者: | |
|---|---|
| 格式: | 圖書 |
| 語言: | Undetermined |
| 出版: |
Đồng Nai
Nhà xuất bản Đồng Nai
2009
|
| 主題: | |
| 標簽: |
添加標簽
沒有標簽, 成為第一個標記此記錄!
|
| Thư viện lưu trữ: | Trung tâm Học liệu Trường Đại học Cần Thơ |
|---|
| LEADER | 00721nam a2200205Ia 4500 | ||
|---|---|---|---|
| 001 | CTU_158982 | ||
| 008 | 210402s9999 xx 000 0 und d | ||
| 020 | |c 75000 | ||
| 082 | |a 641.5636 | ||
| 082 | |b Tr120 | ||
| 100 | |a Trâm Anh | ||
| 245 | 0 | |a 81 món ăn chay | |
| 245 | 0 | |c Trâm Anh, Quế Anh | |
| 260 | |a Đồng Nai | ||
| 260 | |b Nhà xuất bản Đồng Nai | ||
| 260 | |c 2009 | ||
| 520 | |a Nội dung cuốn sách giới thiệu nguyên vật liệu, công thức chế biến, gia vị của 81 món chay bổ dưỡng cho sức khoẻ. | ||
| 650 | |a Vegetarian cooking,Nấu chay | ||
| 904 | |i QHieu | ||
| 980 | |a Trung tâm Học liệu Trường Đại học Cần Thơ | ||